One-Word Stephen King Novel Book Titles - Statistics

General Stats
  • This quiz has been taken 415 times
  • The average score is 7 of 13
Answer Stats
Year Novel % Correct
1986 It
85%
1977 The {Shining}
85%
1974 {Carrie}
83%
1981 {Cujo}
71%
1987 {Misery}
61%
1978 The {Stand}
61%
1983 {Christine}
52%
1987 The {Tommyknocker}s
51%
1980 {Firestarter}
38%
1994 {Insomnia}
26%
1984 {Thinner}
25%
1996 {Desperation}
23%
1996 The {Regulator}s
20%
No matching quizzes found
Score Distribution
Percent of People with Each Score
Percentile by Number Answered
Your Score History
You have not taken this quiz